000 00636nam a2200181Ia 4500
008 090124s9999 xx 000 0 und d
082 _b132288
100 _aपोतनीस मृणालिनी
245 _a तरंग ( ललित - वैचारिक लेख )
250 _a1
260 _c2004
300 _a100
600 _aपोतनीस मृणालिनी
630 _a तरंग ( ललित - वैचारिक लेख )
700 _aपोतनीस मृणालिनी
730 _a तरंग ( ललित - वैचारिक लेख )
942 _cBOOK
999 _c178377
_d178377